|
|
|
|
| LEADER |
01642cas a2200241 a 4500 |
| 001 |
AALejournalIMF000856 |
| 008 |
230101c9999 xx r poo 0 0eng d |
| 020 |
|
|
|c 5.00 USD
|
| 020 |
|
|
|z 9781451827453
|
| 022 |
|
|
|a 1934-7685
|
| 040 |
|
|
|a BD-DhAAL
|c BD-DhAAL
|
| 110 |
2 |
|
|a International Monetary Fund.
|
| 245 |
1 |
0 |
|a Mauritania :
|b Recent Economic Developments.
|
| 264 |
|
1 |
|a Washington, D.C. :
|b International Monetary Fund,
|c 1999.
|
| 300 |
|
|
|a 1 online resource (115 pages)
|
| 490 |
1 |
|
|a IMF Staff Country Reports
|
| 500 |
|
|
|a <strong>Off-Campus Access:</strong> No User ID or Password Required
|
| 500 |
|
|
|a <strong>On-Campus Access:</strong> No User ID or Password Required
|
| 506 |
|
|
|a Electronic access restricted to authorized BRAC University faculty, staff and students
|
| 520 |
3 |
|
|a This paper reviews economic developments in Mauritania during 1996-99. Mauritania continued its ambitious program of economic reforms in 1995-97. The government exercised firm control over public expenditures and ran a fiscal surplus in both 1996 and 1997. The decline in broad money in 1995-96 was reversed in 1997, reflecting increased confidence in ouguiya-denominated assets, in part owing to the implementation of financial market reforms. These policies and reforms resulted in sustained GDP growth, which averaged 4.6 percent annually over 1995-97, that is, 1.8 percent in real per capita income growth.
|
| 538 |
|
|
|a Mode of access: Internet
|
| 830 |
|
0 |
|a IMF Staff Country Reports; Country Report ;
|v No. 1999/021
|
| 856 |
4 |
0 |
|z Full text available on IMF
|u http://elibrary.imf.org/view/journals/002/1999/021/002.1999.issue-021-en.xml
|z IMF e-Library
|